000 00905nas a2200313 4500
001 BR0806106
003 BR-BrBNA
005 20231205112218.0
007 ta
008 230509b bl.|||p| |||| 00| 00por d
040 _aBR-BrBNA
_bpor
_cBiblioteca Nacional de Agricultura
041 _a(Pt)
072 _aL70; L40; L73
100 1 _aMartins, D.B.
100 1 _aBarbosa, A.L.T.
100 1 _aCavalheiro, A.
100 1 _aLopes, S.T. dos A.
100 1 _aSanturio, J.M.
100 1 _aSchossler, J.E.
100 1 _aMazzanti, A.
245 1 _aDiagnóstico de criptococose canina pela citologia aspirativa por agulha fina
650 _aCÃO
650 _aCITOLOGIA
650 _aMICOSE
650 _aDIAGNÓSTICO
773 0 _tCiência Rural (Brazil)
_xISSN 0103-8478
_g(May-Jun 2008), v. 38(3) p. 826-829
_wBR0806106
909 _a202311
_bLúcia
_c55
_dLúcia Elande
942 _2AGRIS
_n0
_cANA
999 _c196755
_d196755